| 000 | 00391nam a2200145Ia 4500 | ||
|---|---|---|---|
| 003 | IN-BaIIA | ||
| 005 | 20250729142519.0 | ||
| 008 | 211028s9999 xx 000 0 eng d | ||
| 040 | _cIIA Library | ||
| 080 |
_a083:51 _bCRE |
||
| 100 |
_aCrelles, A. L _93095 |
||
| 245 | 0 |
_aRechertafeln _cA. L Crelles |
|
| 260 |
_aBerlin _c1895 |
||
| 942 |
_cBK _2ddc |
||
| 999 |
_c1533 _d1533 |
||